00764nam a2200193 i 450000100060000000300090000600500170001500700030003200800410003508000170007624501120009326000360020530000220024161000980026371000180036185200520037999900170043195201220044818201ES-MaACL20230906151759.0t|011008s1949 fr |||| | fre d a342.7(082.2)00aAutour de la nouvelle déclaration universelle des droits de l'hommeb: textes réunis par l'U.N.E.S.C.O. a[S.l.] : bSagittaire, c[1949] a236 p. ; c23 cm.24aNaciones Unidas. bAsamblea General. tDeclaración universal de los derechos humanos.959582 aUnesco.96999 aES-MaACLjAND-115 z. - Biblioteca Juan Andrade c18201d18201 00104070aATENEOMbATENEOMcDEPO2d2008-01-17eSCl0oAND-115p1018610r2023-02-23 00:00:00w2023-02-23yMONOGRAFIA